Wypisz wszystkie.... #1 - Statystyki

Ogólne statystyki
  • Ten quiz został rozwiązany 6 145 razy
    2 708 od ostatniego zresetowania
  • Średni wynik to 38 z 53
Statystyki odpowiedzi
Odpowiedź % Poprawnych
Polska
98%
Niemcy
94%
Francja
91%
Hiszpania
91%
Czechy
90%
Włochy
89%
Litwa
88%
Portugalia
88%
Słowacja
88%
Szwecja
88%
Belgia
87%
Łotwa
87%
Holandia
85%
Estonia
84%
Mazowieckie
84%
Finlandia
83%
Grecja
83%
Pomorskie
83%
Dania
82%
Śląskie
82%
Słowenia
82%
Chorwacja
81%
Wielkopolskie
81%
Austria
80%
Małopolskie
80%
Dolnośląskie
79%
Lubelskie
79%
Lubuskie
79%
Zachodniopomorskie
78%
Luksemburg
77%
Podlaskie
77%
Irlandia
76%
Łódzkie
76%
Opolskie
76%
Węgry
76%
Warmińsko-Mazurskie
75%
Rumunia
74%
Bułgaria
73%
Kujawsko-pomorskie
73%
Podkarpackie
73%
Świętokrzyskie
71%
Malta
62%
Cypr
59%
Indonezja
39%
Wietnam
38%
Tajlandia
37%
Laos
35%
Malezja
35%
Birma
34%
Filipiny
34%
Kambodża
34%
Singapur
33%
Brunei
27%
Nie znaleziono quizów pasujących do podanych kryteriów
Rozkład punktacji
Procent ludzi z każdym wynikiem
Percentyl według liczby udzielonych odpowiedzi
Twoja historia wyników
Nie rozwiązałeś tego quizu od ostatniego zresetowania